| 000 | 00543nam a2200181Ia 4500 | ||
|---|---|---|---|
| 999 |
_c22556 _d22556 |
||
| 003 | OSt | ||
| 005 | 20200515090741.0 | ||
| 008 | 190216s9999||||xx |||||||||||||| ||und|| | ||
| 020 | _a9788187570554 | ||
| 040 | _coclc | ||
| 082 |
_a915.6041 _bJUB/T |
||
| 100 |
_aJubayr, Ibn _92296 |
||
| 245 | 4 |
_aThe Travels Of Ibn Jubayr / _cIbn Jubayr |
|
| 260 |
_bGood Word Books, _c2003. _aNew Delhi: |
||
| 300 | _a430p | ||
| 650 | 0 |
_aHistory & geography _vIslamic History _92271 |
|
| 942 |
_cBK _2ddc _h915.6041 _iJUB/T _k915.6041 _mJUB/T |
||